El Gobierno de EE.UU. debe rectificar

Guardat en:
Dades bibliogràfiques
Autor principal: Ortega Saavedra, Daniel
Format: Text
Publicat: Managua: Dirección de Información y Prensa de la República
Etiquetes: Afegir etiqueta
Sense etiquetes, Sigues el primer a etiquetar aquest registre!

MARC

LEADER 00000 a a2200000 04500
001 21364
003
040
090 |a 093800  
100 |a Ortega Saavedra, Daniel  
245 |a El Gobierno de EE.UU. debe rectificar  
260 |a Managua:   |b Dirección de Información y Prensa de la República  
300 |a 18 p.  
999 |c 8117  |d 8117